00933njm a2200265Ia 4500001000600000003000900006005001700015008004100032040001300073040001300086041001200099100001800111100001800129100003800147245001300185250001100198260001200209260006600221300001700287500001600304505015600320650004700476700008200523700006200605B5375IT-RoPAU20220918181146.0131025s9999 xx 000 0 und d aIT-RoPAU cIT-RoPAU aINGLESE aHackett Steve eAutore musica gCodice autore musica SPICS: 38404 aDefector a1a ed. aGERMANY bCHARISMA RECORDSc1980 [1a Ed.:1980 - Ed. Lingua Orig.: 1980] aMUSICASSETTA aMusica pop. aThe Steppes - Time To Get Out - Slogans - Leaving - Two Vamps As Guests - Jacuzzi - Hammer In the Sand - The Toast - The Show - Sentimental Institution aPOP [CASSETTE]eCodice MATERIA SPICS: 9951 aHackett SteveeAutore testo e musicagCodice autore testo/musica SPICS: 38404 aHackett StevegCodice interprete SPICS: 38404eInterprete